The code of Indian baggage rules : (Record no. 126895)
[ view plain ]
| 000 -LEADER | |
|---|---|
| fixed length control field | 00716nam a22002297a 4500 |
| 005 - DATE AND TIME OF LATEST TRANSACTION | |
| control field | 20170124110016.0 |
| 010 ## - LIBRARY OF CONGRESS CONTROL NUMBER | |
| LC control number | 923598 |
| 020 ## - INTERNATIONAL STANDARD BOOK NUMBER | |
| Terms of availability | 21.00 |
| 035 ## - SYSTEM CONTROL NUMBER | |
| System control number | 923598 |
| 037 ## - SOURCE OF ACQUISITION | |
| Source of stock number/acquisition | Cen Lib/Ret |
| 040 ## - CATALOGING SOURCE | |
| Original cataloging agency | DPL |
| Language of cataloging | EN |
| 082 ## - DEWEY DECIMAL CLASSIFICATION NUMBER | |
| Classification number | 337.0954 |
| Item number | SET |
| 100 ## - MAIN ENTRY--PERSONAL NAME | |
| Personal name | Seth, Krishan G. |
| 9 (RLIN) | 18780 |
| 245 ## - TITLE STATEMENT | |
| Title | The code of Indian baggage rules : |
| Statement of responsibility, etc | by Krishan G. Seth |
| Remainder of title | a guide to the international passengers / |
| 260 ## - PUBLICATION, DISTRIBUTION, ETC. (IMPRINT) | |
| Place of publication, distribution, etc | New Delhi |
| Name of publisher, distributor, etc | Seth Publications |
| Date of publication, distribution, etc | 1978 |
| 270 ## - ADDRESS | |
| City | New Delhi |
| Address | 72, Vinoba Puri, Lajpat Nagar |
| Postal code | 110024 |
| 300 ## - PHYSICAL DESCRIPTION | |
| Extent | vii,256p. |
| Dimensions | 21cm(Hb) |
| 500 ## - GENERAL NOTE | |
| General note | Includes index<br/> |
| 650 ## - SUBJECT ADDED ENTRY--TOPICAL TERM | |
| Topical term or geographic name as entry element | Indo-Pakistan baggage |
| 9 (RLIN) | 18781 |
| 650 ## - SUBJECT ADDED ENTRY--TOPICAL TERM | |
| Topical term or geographic name as entry element | Baggage rules |
| 9 (RLIN) | 18782 |
| 942 ## - ADDED ENTRY ELEMENTS (KOHA) | |
| Source of classification or shelving scheme | Dewey Decimal Classification |
| Koha item type | English Books |
| Classification part | 337.0954 |
| Call number suffix | SET |
| Withdrawn status | Lost status | Damaged status | Not for loan | Home library | Current library | Date acquired | Source of acquisition | Cost, normal purchase price | Total Checkouts | Full call number | Barcode | Date last seen | Copy number | Cost, replacement price | Price effective from | Koha item type | Public note |
|---|---|---|---|---|---|---|---|---|---|---|---|---|---|---|---|---|---|
| Written off | Central Library | Central Library | 26/06/2015 | Cen Lib/Ret | 21.00 | 337.0954 SET | 923598 | 26/06/2015 | 1 | 21.00 | 26/06/2015 | English Books | Written off on approval by DLB (By Circulation); dtd 15-06-2023 |
